Harmony : Business, technology & life after paperwork
The author of Ideas and Information and director of research at Bell Labs describes the past decade's key technological developments and the resulting business transformations and discusses probable future changes in how business is conducted.
Salvato in:
| Autore principale: | |
|---|---|
| Natura: | Libro |
| Lingua: | Undetermined |
| Pubblicazione: |
New York
HarperBusiness
1995
|
| Soggetti: | |
| Tags: |
Aggiungi Tag
Nessun Tag, puoi essere il primo ad aggiungerne! !
|
| Thư viện lưu trữ: | Trung tâm Học liệu Trường Đại học Cần Thơ |
|---|
| LEADER | 00897nam a2200217Ia 4500 | ||
|---|---|---|---|
| 001 | CTU_97847 | ||
| 008 | 210402s9999 xx 000 0 und d | ||
| 082 | |a 651.0285 | ||
| 082 | |b P419 | ||
| 100 | |a Penzias, Arno | ||
| 245 | 0 | |a Harmony : | |
| 245 | 0 | |b Business, technology & life after paperwork | |
| 245 | 0 | |c Arno Penzias | |
| 260 | |a New York | ||
| 260 | |b HarperBusiness | ||
| 260 | |c 1995 | ||
| 520 | |a The author of Ideas and Information and director of research at Bell Labs describes the past decade's key technological developments and the resulting business transformations and discusses probable future changes in how business is conducted. | ||
| 650 | |a Paperwork (office practice),Automation,Business enterprises | ||
| 650 | |x Technological innovations,Management,Technological innovations | ||
| 904 | |i Trọng Hải | ||
| 980 | |a Trung tâm Học liệu Trường Đại học Cần Thơ | ||